Problemas de balance de materia y energía en la industria alimentaria

Saved in:
书目详细资料
主要作者: Valiente Barderas, Antonio (Author)
格式: 图书
语言:西班牙语
出版: Cuernavaca, México Limusa 2014
版:2a. ed
主题:
在线阅读:Disponible Online
标签: 添加标签
没有标签, 成为第一个标记此记录!

MARC

LEADER 00000cam a2200000 a 4500
001 UCE4816
003 CL-VaPUC
005 20230601074028.0
008 141113e20140000mx |||||||||||||||||spa|d
999 |c 357676  |d 357674 
020 |a 9789681852856 
040 |c Pontificia Universidad Católica de Valparaíso 
082 0 4 |a 664.02 VAL 2014  |2 21 
100 0 |a Valiente Barderas, Antonio  |e author  |9 577291 
245 1 0 |a Problemas de balance de materia y energía en la industria alimentaria 
250 |a 2a. ed 
260 |a Cuernavaca, México   |b Limusa  |c 2014 
300 |a 309 páginas  
583 |a last modification  |c 20141113 14:00:00  |k Rodrigo Vera 
650 0 |a Procesamiento de los alimentos   |2 CL-VaPUC  |9 259497 
650 0 |a Industria alimentaria  |9 331702 
852 |a BIBCUR 
856 |u http://bibliografiaobligatoria.pucv.cl.pucv.idm.oclc.org/index.php/bibliotecapucv/catalog/book/3  |y Disponible Online  
942 |c BK  |2 ddc 
945 |d 20141113 14:00:00  |a dcastane 
952 |0 0  |1 0  |3 erb  |4 0  |6 664_020000000000000_VAL_2014  |7 0  |8 A  |9 465719  |a BIBING  |b BIBING  |i 5124662  |o 664.02 VAL 2014  |p 5124662  |r 2025-01-20  |w 2019-11-23  |y BK  |z Catalogado en:20141113  |k EIB 
952 |0 0  |1 0  |3 erb  |4 0  |6 664_020000000000000_VAL_2014  |7 0  |8 A  |9 465720  |a BIBING  |b BIBING  |i 5124670  |o 664.02 VAL 2014  |p 5124670  |r 2025-01-20  |w 2019-11-23  |y BK  |z Catalogado en:20141113  |k EIB 
952 |0 0  |1 0  |3 erb  |4 0  |6 664_020000000000000_VAL_2014  |7 0  |8 A  |9 465721  |a BIBING  |b BIBING  |i 5124689  |o 664.02 VAL 2014  |p 5124689  |r 2025-01-20  |w 2019-11-23  |y BK  |z Catalogado en:20141113  |k EIB 
952 |0 0  |1 0  |3 erb  |4 0  |6 664_020000000000000_VAL_2014  |7 0  |8 A  |9 465722  |a BIBING  |b BIBING  |i 5124697  |o 664.02 VAL 2014  |p 5124697  |r 2025-01-20  |w 2019-11-23  |y BK  |z Catalogado en:20141113  |k EIB